Modelovanie a riadenie dynamiky vozidla

Gespeichert in:
Bibliographische Detailangaben
1. Verfasser: Parai, Daniel (Verfasst von)
Weitere Verfasser: Hypiusová, Mária (Betreuung Doktorarbeit)
Format: Manuskript Buch
Sprache:Slowakisch
Veröffentlicht: Bratislava : STU v Bratislave FEI, 2022
Schlagworte:
Online-Zugang:https://opac.crzp.sk/?fn=detailBiblioFormChildCKNHS&sid=7E432E204D1F6C329D5F8A3802D8&seo=CRZP-detail-kniha
Tags: Tag hinzufügen
Keine Tags, Fügen Sie das erste Tag hinzu!

MARC

LEADER 00000ntm a22000003a 4500
001 stuzp85116
003 SK-STU
005 20230117131636.9
007 ta
008 150427s2015----xo-----f-mn---000-0-slo-d
040 |a STU  |b slo 
041 0 |a slo 
044 |a xo 
100 1 |a Parai, Daniel  |u 030400  |4 aut  |U FEI Fakulta elektrotechniky a informatiky  |T FEI Ústav automobilovej mechatroniky  |X 80675  |U E400  |Y 642  |7 80675 
242 0 1 |a Modelling and Control of Vehicle Dynamics  |y eng 
245 1 0 |a Modelovanie a riadenie dynamiky vozidla 
260 |a Bratislava :  |b STU v Bratislave FEI,  |c 2022 
300 |a 57 s., príl. 
650 4 |a dynamika vozidla  |2 slo 
650 4 |a Vehicle Dynamic Blockset  |2 slo 
650 4 |a Pole-placement  |2 slo 
650 4 |a Matlab  |2 slo 
650 4 |a LQ regulátor  |2 slo 
650 4 |a Matlab  |2 eng 
650 4 |a vehicle dynamics  |2 eng 
650 4 |a Vehicle Dynamic Blockset  |2 eng 
650 4 |a Pole-placement  |2 eng 
650 4 |a LQ controller  |2 eng 
700 1 |a Hypiusová, Mária  |u 030400  |k Z1  |4 ths  |U FEI Fakulta elektrotechniky a informatiky  |T FEI Ústav automobilovej mechatroniky  |X 4949  |U E400  |Y 642  |7 A000004949 
856 4 |u https://opac.crzp.sk/?fn=detailBiblioFormChildCKNHS&sid=7E432E204D1F6C329D5F8A3802D8&seo=CRZP-detail-kniha